000 00331pam a2200157a 44500
008 230515b2007 xxu||||| |||| 00| 0 eng d
020 _aNULL
041 _aENGLISH
082 _a0
100 _aROUTT W,A,
245 _aMICROPROCESSORS 8085
250 _a0
260 _a
_bDELMAR PUB
_c2007
300 _a243
650 _aNULL
999 _c592793
_d592793